[Event "GER-ch51 V06 email"]
[Site "GER email"]
[Date "2019.04.14"]
[Round "?"]
[White "Krabbe, Wolf Dieter"]
[Black "Hamann, Henner"]
[Result "1/2-1/2"]
[WhiteElo "2320"]
[BlackElo "2307"]
[PlyCount "65"]
[EventDate "2019.??.??"]
[EventType "tourn (corr)"]
[EventRounds "10"]
[EventCountry "GER"]
[SourceTitle "Corr 2022"]
[Source "ChessBase"]
[SourceDate "2021.10.24"]
[SourceVersion "1"]
[SourceVersionDate "2021.10.24"]
[SourceQuality "1"]

1. e4 c5 2. Nf3 Nc6 3. Bb5 g6 4. 0-0 Bg7 5. c3 Nf6 6. Re1 0-0 7. d4 d5 8. e5 Ne4 9. Bxc6 bxc6 10. Nbd2 cxd4 11. cxd4 c5 12. dxc5 Nxc5 13. Nb3 Nxb3 14. Qxb3 Bg4 15. Nd4 Qb6 16. Qxb6 axb6 17. b3 Rfc8 18. h3 Bf5 19. a4 Bd7 20. Bd2 e6 21. f4 Bf8 22. Kf2 Bc5 23. Ke3 Kg7 24. Rec1 Ra7 25. Kd3 Rca8 26. g4 Rh8 27. Be3 h5 28. f5 exf5 29. gxf5 gxf5 30. h4 f4 31. Rg1+ Kh7 32. Raf1 Bg4 33. Rxf4 1/2-1/2

[Event "GER-ch51 V06 email"]
[Site "GER email"]
[Date "2019.04.14"]
[Round "?"]
[White "Wichert, Gerd"]
[Black "Krabbe, Wolf Dieter"]
[Result "1/2-1/2"]
[WhiteElo "2316"]
[BlackElo "2320"]
[PlyCount "62"]
[EventDate "2019.??.??"]
[EventType "tourn (corr)"]
[EventRounds "10"]
[EventCountry "GER"]
[SourceTitle "Corr 2022"]
[Source "ChessBase"]
[SourceDate "2021.10.24"]
[SourceVersion "1"]
[SourceVersionDate "2021.10.24"]
[SourceQuality "1"]

1. d4 Nf6 2. c4 e6 3. g3 d5 4. Nf3 dxc4 5. Bg2 Bb4+ 6. Bd2 Be7 7. Qc2 0-0 8. Qxc4 Nbd7 9. 0-0 c5 10. dxc5 Nxc5 11. Be3 Nce4 12. Ne5 Qa5 13. Bf4 Nd6 14. Qc3 Qa6 15. Qd3 Qxd3 16. Nxd3 Nd5 17. Be5 Rd8 18. Nc3 Nxc3 19. Bxc3 Rb8 20. a4 f6 21. Bb4 Kf8 22. Rfc1 Nf5 23. Bxe7+ Kxe7 24. Rc7+ Rd7 25. Rc3 b6 26. f4 Bb7 27. Bxb7 Rbxb7 28. Rac1 Rd4 29. b3 Rbd7 30. Kf2 h5 31. Kf3 R4d5 1/2-1/2

[Event "GER-ch 2013-A email"]
[Site "GER email"]
[Date "2014.10.13"]
[Round "?"]
[White "Krabbe, Wolf Dieter"]
[Black "Amann, Hubert"]
[Result "1/2-1/2"]
[WhiteElo "2075"]
[BlackElo "2176"]
[PlyCount "83"]
[EventDate "2014.??.??"]
[EventType "tourn (corr)"]
[EventRounds "10"]
[EventCountry "GER"]
[SourceTitle "Corr 2020"]
[Source "ChessBase"]
[SourceDate "2019.09.30"]
[SourceVersion "1"]
[SourceVersionDate "2019.09.30"]
[SourceQuality "1"]

1. e4 c6 2. d4 d5 3. e5 Bf5 4. Nf3 e6 5. Be2 Nd7 6. 0-0 Bg6 7. Nbd2 Nh6 8. Nb3 Nf5 9. Bd2 Be7 10. g4 Nh4 11. Nxh4 Bxh4 12. f4 Be4 13. Be3 h6 14. a4 0-0 15. Bd3 Bxd3 16. Qxd3 f6 17. Kh1 Rc8 18. Nd2 c5 19. c3 fxe5 20. dxe5 Qe8 21. Nf3 Bd8 22. a5 a6 23. c4 d4 24. Bd2 Rb8 25. b4 cxb4 26. Nxd4 Nc5 27. Qe2 Be7 28. Bxb4 Rd8 29. Rad1 Qa4 30. Be1 Nb3 31. Nxb3 Qxb3 32. Rxd8 Rxd8 33. f5 Qa4 34. f6 Qc6+ 35. Qg2 Bc5 36. Bg3 Rd4 37. Qxc6 bxc6 38. Rb1 Rxg4 39. Rb8+ Kf7 40. Rb7+ Kf8 41. Kg2 gxf6 42. exf6 1/2-1/2

[Event "GER-ch 2013-A email"]
[Site "GER email"]
[Date "2014.10.13"]
[Round "?"]
[White "Krabbe, Wolf Dieter"]
[Black "Klapp, Herwig"]
[Result "1-0"]
[WhiteElo "2075"]
[BlackElo "2070"]
[PlyCount "105"]
[EventDate "2014.??.??"]
[EventType "tourn (corr)"]
[EventRounds "10"]
[EventCountry "GER"]
[SourceTitle "Corr 2020"]
[Source "ChessBase"]
[SourceDate "2019.09.30"]
[SourceVersion "1"]
[SourceVersionDate "2019.09.30"]
[SourceQuality "1"]

1. e4 e5 2. Nf3 Nc6 3. Bb5 a6 4. Ba4 Nf6 5. 0-0 Be7 6. Re1 b5 7. Bb3 d6 8. c3 Bg4 9. h3 Bh5 10. d3 0-0 11. Nbd2 Na5 12. Bc2 c5 13. Nf1 Ne8 14. Ng3 Bxf3 15. Qxf3 Bg5 16. Bxg5 Qxg5 17. Nf5 g6 18. Ne3 Kg7 19. Rac1 Nc7 20. g3 Rad8 21. h4 Qf6 22. Qxf6+ Kxf6 23. h5 Kg7 24. Kg2 Nc6 25. a4 b4 26. Rh1 Rb8 27. Rh2 Ne7 28. Rch1 g5 29. h6+ Kg6 30. Rf1 f6 31. Rhh1 Kf7 32. d4 exd4 33. Bb3+ Ke8 34. cxd4 cxd4 35. Nc2 Nc6 36. Rd1 Kd7 37. Nxd4 Nxd4 38. Rxd4 a5 39. Rc1 Ra8 40. Rd2 Ra6 41. Bd1 Rd8 42. Bg4+ Ne6 43. f4 Ke7 44. fxg5 fxg5 45. Rd5 Rg8 46. Rb5 Rd8 47. Rb7+ Rd7 48. Rb8 Rd8 49. Rxd8 Nxd8 50. Rc7+ Kf6 51. Bh5 Nc6 52. Rf7+ Ke5 53. Rxh7 1-0

[Event "GER-ch 2013-A email"]
[Site "GER email"]
[Date "2014.10.13"]
[Round "?"]
[White "Loeffler, Werner"]
[Black "Krabbe, Wolf Dieter"]
[Result "1-0"]
[WhiteElo "2127"]
[BlackElo "2075"]
[PlyCount "77"]
[EventDate "2014.??.??"]
[EventType "tourn (corr)"]
[EventRounds "10"]
[EventCountry "GER"]
[SourceTitle "Corr 2020"]
[Source "ChessBase"]
[SourceDate "2019.09.30"]
[SourceVersion "1"]
[SourceVersionDate "2019.09.30"]
[SourceQuality "1"]

1. d4 Nf6 2. c4 e6 3. Nc3 Bb4 4. f3 d5 5. a3 Bxc3+ 6. bxc3 c5 7. cxd5 Nxd5 8. dxc5 Qa5 9. e4 Nf6 10. Be3 0-0 11. Kf2 Nfd7 12. Rb1 Rd8 13. Rb5 Ne5 14. Qb3 Qc7 15. Nh3 a6 16. Rb6 Nbc6 17. Qa2 Nd7 18. Rb1 Qa5 19. Be2 Nxc5 20. Rhc1 Ne5 21. Nf4 Qc7 22. Qb2 Rd6 23. c4 f6 24. a4 Rd3 25. Nd5 exd5 26. cxd5 Rxe3 27. Kxe3 Ned7 28. Qd4 Qd6 29. a5 Qxh2 30. Rxc5 Nxc5 31. Qxc5 Qxg2 32. d6 Kh8 33. Qc7 Qg5+ 34. f4 Qg3+ 35. Kd4 h5 36. d7 Bxd7 37. Qxd7 Qxf4 38. Rxb7 Qd2+ 39. Bd3 1-0

[Event "GER-ch 2013-A email"]
[Site "GER email"]
[Date "2014.10.13"]
[Round "?"]
[White "Schreiber, Kurt"]
[Black "Krabbe, Wolf Dieter"]
[Result "1-0"]
[WhiteElo "2243"]
[BlackElo "2075"]
[PlyCount "91"]
[EventDate "2014.??.??"]
[EventType "tourn (corr)"]
[EventRounds "10"]
[EventCountry "GER"]
[SourceTitle "Corr 2020"]
[Source "ChessBase"]
[SourceDate "2019.09.30"]
[SourceVersion "1"]
[SourceVersionDate "2019.09.30"]
[SourceQuality "1"]

1. d4 Nf6 2. c4 e6 3. Nc3 Bb4 4. e3 0-0 5. Nf3 d6 6. Qc2 Bxc3+ 7. Qxc3 Re8 8. Be2 a5 9. b3 b6 10. Bb2 Bb7 11. 0-0 h6 12. Rad1 Nbd7 13. Nd2 e5 14. Rfe1 a4 15. Qc2 axb3 16. axb3 Qe7 17. b4 Bc6 18. b5 Bb7 19. Bc3 Ra3 20. Rc1 Rea8 21. Bd3 Ra2 22. Qb1 Nf8 23. Bc2 Ne6 24. Rcd1 R2a7 25. Nf1 exd4 26. exd4 d5 27. Ne3 Qf8 28. Bb4 Qe8 29. Qb3 Qd7 30. Nf5 Kh8 31. c5 Qxb5 32. Qg3 Qd7 33. Bd2 Ng8 34. cxb6 Ra2 35. Bb1 Rb2 36. Qh4 Qd8 37. Qg4 Qf6 38. bxc7 Bc6 39. Qg3 Rc8 40. Qc3 Rxb1 41. Rxb1 Qxf5 42. Qxc6 Rxc7 43. Qa8 Kh7 44. Be3 Rc2 45. Rec1 g5 46. Rxc2 1-0